| 000 | 00607nam a2200205 a 4500 | ||
|---|---|---|---|
| 005 | 20210219150359.0 | ||
| 008 | 991125s1957 par 000 0 fre u | ||
| 035 | _aUPN01000013019 | ||
| 049 | _aCG | ||
| 050 | 4 |
_aLC5771 F8 _bS3.4 |
|
| 100 | 1 | _aSchmitt, André | |
| 245 | 1 | 3 |
_aLa cure de santé et les jeux des enfants / _cpar André Schmitt et André Boulogne |
| 260 |
_aParís : _bScarabee, _c1957 |
||
| 300 | _a113 p | ||
| 440 | 3 | _aLa colonie de vacances | |
| 651 | 4 |
_aFRANCIA- _xCOLONIAS ESTUDIANTILES DE VACACIONES |
|
| 700 | 2 |
_aBoulogne, André, _ecoaut. |
|
| 904 |
_aAC _b013020 |
||
| 905 | _aLibro | ||
| 999 |
_c13019 _d13019 |
||